| 000 | 00428nam a22001337a 4500 | ||
|---|---|---|---|
| 003 | OSt | ||
| 008 | 210204b ||||| |||| 00| 0 eng d | ||
| 082 |
_a631.45 _bSME/E |
||
| 100 |
_aSmegha N C _94907 |
||
| 245 | _aEffect of Bakkikayam regulator on groundwater using geophysical techniques and visual modflow | ||
| 260 |
_aTavanur _bDept of Soil and water Conservation Engineering, KCAET _c2020 |
||
| 700 | _aSajeena S | ||
| 942 | _cTH | ||
| 999 |
_c17303 _d17303 |
||